Percy Jackson Books Quiz Stats

 Plays Quiz Updated Oct 17, 2013

Score 0/5 Timer 02:00
4 Plays Today
Year Published Title % Correct
2005The Lightning Thief
96.3%
2006The Sea of Monsters
94%
2007The Titan's Curse
83.3%
2009The Last Olympian
79.4%
2008Battle of the Labyrinth
73.4%

You're not logged in!

Compare scores with friends on all Sporcle quizzes.
OR
Log In

Sporcle TV

Today on Sporcle TV


Watch our educational content, quiz creation guides, and fun videos on Sporcle TV.

Show Comments

Extras

Top Quizzes Today


Score Distribution

Your Account Isn't Verified!

In order to create a playlist on Sporcle, you need to verify the email address you used during registration. Go to your Sporcle Settings to finish the process.

Report this User

Report this user for behavior that violates our Community Guidelines.

Details: